Harry Potter random quiz - Statistics

General Stats
  • This quiz has been taken 59 times
    33 since last reset
  • The average score is 10 of 15
Answer Stats
Hint Answer % Correct
What is Harry’s Dad called? James
96%
What is Filch’s cat called? Mrs Norris
86%
What house was Cho Chang sorted into? Ravenclaw
86%
What was Cedric’s dad called? Amos
79%
What is the name of the plant Harry used to help him breathe underwater in the Goblet of Fire? Gillyweed
79%
What is the name of the house elf that Harry inherits? Kreacher
79%
What do you say to close The Marauder’s Map? Mischief managed
79%
What is the name of the poltergeist who was cut out of the Harry Potter films? Peeves
71%
What is the first name of the ghost called the Grey Lady? Helena
64%
What is Draco’s son called? Scorpius
64%
What is Luna Lovegood’s patronus? Hare
50%
What is Ginny’s patronus? Horse
46%
What was Hepzibah Smith’s house elf called? Hokey
39%
What is Sirius’s codename when he is a dog on the run? Snuffles
32%
What was the name of the band that played at the Yule Ball in the Goblet of Fire? The Weird sisters
32%
No matching quizzes found
Score Distribution
Percent of People with Each Score
Percentile by Number Answered
Your Score History
You have not taken this quiz since the last reset